Basic Equations And Special Functions Of Mathematical Physics (Record no. 6413)

MARC details
000 -LEADER
fixed length control field 00592nam a2200193Ia 4500
008 - FIXED-LENGTH DATA ELEMENTS--GENERAL INFORMATION
fixed length control field 130729s9999 xx 000 0 und d
072 ## - SUBJECT CATEGORY CODE
Subject category code Methods For Solving Typical Problems In Mathematical Physics,Applicable To Problems Requiring The Use Of Special Functions
082 ## - DEWEY DECIMAL CLASSIFICATION NUMBER
Classification number 530.15
082 ## - DEWEY DECIMAL CLASSIFICATION NUMBER
Item number Ar72
100 ## - MAIN ENTRY--PERSONAL NAME
Personal name Arsenin,V.Ya
9 (RLIN) 636
245 ## - TITLE STATEMENT
Title Basic Equations And Special Functions Of Mathematical Physics
245 ## - TITLE STATEMENT
Statement of responsibility, etc Arsenin,V.Ya
260 ## - PUBLICATION, DISTRIBUTION, ETC. (IMPRINT)
Place of publication, distribution, etc London
260 ## - PUBLICATION, DISTRIBUTION, ETC. (IMPRINT)
Name of publisher, distributor, etc ILLIFE
260 ## - PUBLICATION, DISTRIBUTION, ETC. (IMPRINT)
Date of publication, distribution, etc 1968
300 ## - PHYSICAL DESCRIPTION
Extent 302
300 ## - PHYSICAL DESCRIPTION
Type of unit Illustration,index,reference & graph
942 ## - ADDED ENTRY ELEMENTS (KOHA)
Item type Book

No items available.